Haitian Creole Verbs 2 Quiz Stats

 Plays Quiz not verified by Sporcle

Support Sporcle.
Go Orange.
Score 0/16 Timer 04:00
0 Plays Today
English Creole % Correct
eatmanje
92.9%
talkpale
84.4%
readli
81.6%
walkmache
79.4%
washlave
78%
worktravay
78%
callrele
75.2%
likerenmen
72.3%
English Creole % Correct
wantvle
70.9%
see
67.4%
heartande
63.1%
listentande
63.1%
swimnaje
61.7%
bese
55.3%
visitvizite
43.3%
travelvwayaje
28.4%

You're not logged in!

Compare scores with friends on all Sporcle quizzes.
OR
Log In

From the Vault

European Soccer Teams 'G'

by Flick

Do you think they do the alphabet song by football teams anywhere?
Remove Ads.
Support Sporcle.
Get the best of Sporcle when you Go Orange. This ad-free experience offers more features, more stats, and more fun while also helping to support Sporcle. Thank you for becoming a member.

Show Comments

Extras

Top Quizzes Today


Score Distribution

Your Account Isn't Verified!

In order to create a playlist on Sporcle, you need to verify the email address you used during registration. Go to your Sporcle Settings to finish the process.

Report this User

Report this user for behavior that violates our Community Guidelines.

Details: